00757nam a22002297a 450000500170000001000110001702000100002803500110003803700160004904000120006508200160007710000290009324500660012226000500018827000460023830000240028465000170030865000350032594200250036099900190038595201230040420170124105947.0 a992205 c50.00 a992205 bCen Lib/Ret aDPLbEN a270.33bABU aAbul-Fazal, Mirza912538 aLife of Mohammad /cby Mirza Abul-Fazalbfrom various authors aNew Delhi bAsian Publication services c1980 aii-k-29, lajpat nagarbNew Delhi e110024 avi, 252p.c16cm(Hb) aIslam 95289 aBiographies xMohammad 912539 2ddccENh270.33mABU c124964d124964 00104070aLbLd2015-06-19eCen Lib/Retg50.00l0o270.33 ABUp992205r2015-06-19 00:00:00t1v50.00w2015-06-19yEN